LEADER 01348nas 2200349-a 450 001 996321947803316 005 20220810213025.0 035 $a(CKB)1000000000498499 035 $a(CONSER)--2009211045 035 $a(EXLCZ)991000000000498499 100 $a20081113a20079999 --- e 101 0 $achi 200 00$aJournal of Educational Practice and Research/#/Journal of Educational Practice and Research [[Chiao Yu Shih Chien Yu Yen Chiu]] 210 $aTaibei Shi $cTaibei jiao yu da xue$d2007- 215 $a1 online resource 311 $aPrint version: Journal of Educational Practice and Research/#/Journal of Educational Practice and Research [[Chiao Yu Shih Chien Yu Yen Chiu]] (DLC) 2009211045 (OCoLC)271525386 1993-5633 517 $aJOURNAL OF EDUCATION PRACTICE AND RESEARCH 517 3 $aShi jian yu yan jiu 517 3 $aJournal of educational practice and research 606 $aEducation$zTaiwan$vPeriodicals 606 $aEducation$2fast$3(OCoLC)fst00902499 607 $aTaiwan$2fast 608 $aPeriodicals.$2fast 608 $aPeriodicals.$2lcgft 615 0$aEducation 615 7$aEducation. 712 02$aGuo li Taibei jiao yu da xue. 906 $aJOURNAL 912 $a996321947803316 920 $aexl_impl conversion 996 $aJournal of Educational Practice and Research$92962561 997 $aUNISA